| 000 | 00722cam a2200229 a 4500 | ||
|---|---|---|---|
| 001 | 13217971 | ||
| 005 | 20180301070441.0 | ||
| 008 | 030530s2002 moua b 001 0 eng | ||
| 010 | _a 2003269692 | ||
| 020 | _a0323014410 | ||
| 040 |
_aDLC _cDLC _dDLC |
||
| 041 | _aeng | ||
| 080 | _a610.730711 CHEN | ||
| 082 | 0 | 0 |
_a610.730711 CHEN _222 |
| 100 | 1 | _a1 | |
| 101 | _aINF | ||
| 245 | 1 | 0 |
_aMosby's tour guide to nursing school : _cMelodie Chenevert. |
| 504 | _aIncludes bibliographical references (p. 223-227) and index. | ||
| 906 |
_a7 _bcbc _corigcop _d2 _encip _f20 _gy-gencatlg |
||
| 942 |
_2ddc _cBK |
||
| 999 |
_c43823 _d43823 |
||